Statistics for Thanksgiving Foods Quiz

Click here to take the quiz!

General Stats

  • This quiz has been taken 110 times
  • The average score is 10 of 30

Answer Stats

HintFood% Correct
MeatTurkey
100%
DessertPumpkin Pie
88%
MeatHam
86%
SideMashed Potatoes
73%
DessertApple Pie
67%
SideStuffing
65%
SideCranberry Sauce
61%
SideCorn
59%
SideGravy
53%
SideGreen Beans
51%
DessertPecan Pie
48%
SideGreen Bean Casserole
34%
SideRolls
32%
SideBrussel Sprouts
29%
DessertSweet Potato Pie
25%
SideCornbread
22%
SideDressing
20%
SideMacaroni and Cheese
20%
SideSweet Potato Casserole
15%
SideDeviled Eggs
9%
SideBiscuits
8%
SideCandied Yams
8%
SidePotato Salad
7%
SideCreamed Spinach
5%
MeatFried Chicken
5%
BeverageSweet Tea
5%
SideCorn Pudding
4%
MeatChitterlings
2%
BeveragePunch
2%
SideRoasted Vegetables
2%

Score Distribution

Percentile by Number Answered

Percent of People with Each Score

Your Score History

You have not taken this quiz